000 00252nam a2200109Ia 4500
008 231212s1976 xx 000 0 und d
041 _aeng
082 _a621.384
100 _aRamamrutham
245 _aSteel Tables
260 _aNew Delhi
_bNew Hei
_c1976
999 _c957927
_d957927